zpět

Detail výsledku týmu

Restaurace Balkán, Uherský Brod

Datum a čas kvízu

17 Celkem bodů Celkový počet nahraných bodů na tomto kvízu bez doplňovacích otázek.
4. Pořadí na kvízu Konečné umístění týmu na tomto kvízu.

Zaznamenané odpovědi

# Otázka Odpověď Body Výsledky
1. Legendární vlak Orient Express... 0
2. Někteří světoví státníci letos... 0
3. Na fotce vidíme masku, pod kte... 1
4. Minulý týden byl ohlášen konec... 1
5. Česká fotbalová reprezentace p... 1
6. Ukrajina patří mezi největší z... 0
7. Hlavním a největším městem Ukr... 0
8. Jak se jmenuje prezident Ukraj... 0
9. Mezi nejtypičtější ukrajinské... 0
10. Ukrajina drží jeden zajímavý s... 0